000 01034nam a2200289 i 4500
003 DO-SdBNP
005 20250221105256.0
006 a||||fr|||| 00| 0
007 ta
008 240410e2023 |||||||| |||| 00| e spa d
020 _a9789945187816
040 _aDO-SdBNP
_bspa
_cBNPHU
_erda
082 4 _222
_bC117f
100 1 _aCabrera Cabral, Miguel
_985183
_eautor
245 1 0 _aFilosofía en República Dominicana y Cuba en los siglos XIX y XX
_cMiguel Cabrera Cabral, José Antonio Soto.
264 1 _aSanto Domingo :
_bBoniprinting, SRL,
_c2023
300 _a350 páginas ;
_c21 cm.
336 _2rdacontent
_atexto
_btxt
337 _2rdamedia
_asin mediación
_bn
338 _2rdacarrier
_avolumen
_bnc
500 _aIncluye datos biográficos de los autores en las solapas de las cubiertas.
500 _aIncluye bibliografía y notas al pie de páginas.
504 _aBibliografía: páginas 343 -350
590 _aInventariado 2024 / MF
700 1 _aSoto Rodríguez, José Antonio
_eautor
_985182
942 _2ddc
_cLBS1
999 _c56331
_d56331